[Event "BCF-chT2 2223 (4NCL)"]
[Site "England"]
[Date "2022.10.22"]
[Round "1.28"]
[White "Pozimski, Szymon"]
[Black "Vyas, Alisha"]
[Result "1-0"]
[WhiteElo "1968"]
[BlackElo "1900"]
[PlyCount "75"]
[EventDate "2022.10.22"]
[EventType "team-tourn"]
[EventRounds "11"]
[EventCountry "ENG"]
[SourceTitle "EXT 2024"]
[Source "ChessBase"]
[SourceDate "2023.10.10"]
[SourceVersion "1"]
[SourceVersionDate "2023.10.10"]
[SourceQuality "1"]
[WhiteTeam "Oxford"]
[BlackTeam "Barnet Knights"]
[WhiteTeamCountry "ENG"]
[BlackTeamCountry "ENG"]

1. c4 Nf6 2. Nf3 g6 3. Nc3 Bg7 4. e4 d6 5. d4 0-0 6. Be2 Nc6 7. d5 Nb8 8. 0-0 Nbd7 9. Qc2 Nc5 10. h3 Ne8 11. Bf4 e5 12. dxe6 Nxe6 13. Bg3 b6 14. Rad1 Bb7 15. e5 Qd7 16. exd6 Nxd6 17. Nb5 Rfd8 18. Nxd6 cxd6 19. Rxd6 Qe7 20. Rfd1 Rac8 21. Rxd8+ Rxd8 22. Rxd8+ Qxd8 23. b3 h6 24. Qd2 Nd4 25. Nxd4 Bxd4 26. Qxh6 Qe7 27. Qd2 Bf6 28. Qd1 Kg7 29. Bf3 Bc8 30. Qe2 Qc5 31. Bd5 Be7 32. Qe5+ f6 33. Qb8 a5 34. Bc7 Bf5 35. Bxb6 Qb4 36. Qg8+ Kh6 37. Qh8+ Kg5 38. Be3# 1-0

[Event "UK Challenge Terafinal U14"]
[Site "Blenheim"]
[Date "2021.10.09"]
[Round "5"]
[White "Vyas, Alisha"]
[Black "Duke, Dillan"]
[Result "1-0"]
[WhiteElo "1482"]
[BlackElo "1217"]
[PlyCount "79"]
[EventDate "2021.10.09"]
[EventType "tourn (rapid)"]
[EventRounds "11"]
[EventCountry "ENG"]
[SourceTitle "EXT 2023"]
[Source "ChessBase"]
[SourceDate "2022.10.05"]
[SourceVersion "1"]
[SourceVersionDate "2022.10.05"]
[SourceQuality "1"]

1. e4 e6 2. d4 d5 3. Nd2 dxe4 4. Nxe4 Nd7 5. Nf3 Ngf6 6. Bd3 c5 7. c3 cxd4 8. Nxd4 Nc5 9. Bb5+ Bd7 10. Nxf6+ gxf6 11. 0-0 Rg8 12. Qf3 Bxb5 13. Nxb5 Qb6 14. Nd4 Be7 15. Qh5 Qd6 16. b4 Nd7 17. Qxh7 0-0-0 18. Qe4 f5 19. Qf3 Ne5 20. Qe2 Ng4 21. g3 Rh8 22. Nf3 e5 23. h4 f4 24. Kg2 Rdg8 25. Ng5 f5 26. Qc4+ Qc6+ 27. Qxc6+ bxc6 28. Rg1 Bxg5 29. hxg5 Rh2+ 30. Kf1 Rxf2+ 31. Ke1 fxg3 32. Rxg3 Rh2 33. Kf1 Nf6 34. Rf3 Ne4 35. Kg1 Rgh8 36. Rxf5 Nxc3 37. Rxe5 Ne2+ 38. Rxe2 Rxe2 39. Bf4 Rb2 40. Be5 1-0